Psychológia v príprave učiteľov NŠ

Bibliographic Details
Main Authors: Szabó, Ivan (Author), Fandelová, Eva, 1946- (Author)
Format: Article
Language:Slovak
Subjects:

MARC

LEADER 00000nab a2200000 a 4500
001 vtls001498841
003 SK-MaSNL
005 20260304140109.0
008 250505s1995 xo 000 0 slo
015 |a SNBRB 
035 |a SPKCL1639 
035 |a urn:nbn:sk:snk-ab9urp 
035 |a (urnnbn)urn:nbn:sk:snk:ar-a08x9k 
035 |a (uuid)4783f8e8-1d47-4d7b-915f-a02818bc286e 
040 |a SNKBUCL  |b slo  |c SNKBUCL  |e AACR2 
041 0 |a slo 
044 |a xo  |c SK 
080 |a 37.015.3:371.132:373.32  |2 1981 
080 |a 37  |2 1981 
100 1 |a Szabó, Ivan  |4 aut  |9 324273 
245 1 0 |a Psychológia v príprave učiteľov NŠ  |c Ivan Szabó; Eva Fandelová 
650 0 7 |a psychologická príprava učiteľov  |2 snkbucl  |9 1456144 
650 0 7 |a základné školy  |2 snkbucl  |9 1280 
700 1 |a Fandelová, Eva,  |d 1946-  |4 aut  |9 231641 
773 0 |t Technológia vzdelávania  |g Roč. 3, č. 4 (1995), s. 6-8 
850 |a Slovenská národná knižnica 
852 |a Slovenská národná knižnica 
954 |a odborná, vedecká literatúra pôvodná (slovenská)  |2 lita 
958 |a article13 
958 |a OND 
958 |a EUIPO 
999 |c 2913592  |d 2915522